000 01502cam a2200337 a 4500
001 13122330
003 OSt
005 20180117085953.0
008 030313s2003 nyu b 001 0 eng
010 _a 2003005957
020 _a1572308842 (alk. paper)
040 _aDLC
_cDLC
_dDLC
050 0 0 _aBF722
_b.H33 2003b
082 0 0 _a155.4/028/7
_221
245 0 0 _aHandbook of psychological and educational assessment of children :
_bpersonality, behavior, and context /
_cedited by Cecil R. Reynolds and Randy W. Kamphaus.
250 _a2nd ed.
260 _aNew York :
_bGuilford Press,
_cc2003.
300 _axv, 539 p. ;
_c26 cm.
504 _aIncludes bibliographical references (p. 523-525) and index.
650 0 _aPsychological tests for children.
650 0 _aAchievement tests.
700 1 _aReynolds, Cecil R.,
_d1952-
700 1 _aKamphaus, Randy W.
856 4 2 _3Publisher description
_uhttp://www.loc.gov/catdir/description/guilford051/2003005957.html
856 4 1 _3Table of contents
_uhttp://www.loc.gov/catdir/toc/guilford041/2003005957.html
856 4 1 _3Sample text
_uhttp://www.loc.gov/catdir/enhancements/fy0650/2003005957-s.html
906 _a7
_bcbc
_corignew
_d1
_eecip
_f20
_gy-gencatlg
942 _2ddc
_cBK
999 _c2962
_d2962